[Event "Amager-ch"]
[Site "Amager"]
[Date "2015.09.08"]
[Round "4"]
[White "Nielsen, Bjorn1111"]
[Black "Svensson, John Michael"]
[Result "0-1"]
[WhiteElo "1105"]
[BlackElo "1477"]
[PlyCount "92"]
[EventDate "2015.08.18"]
[EventType "swiss"]
[EventRounds "7"]
[EventCountry "DEN"]
[SourceTitle "EXT 2023"]
[Source "ChessBase"]
[SourceDate "2022.10.05"]
[SourceVersion "1"]
[SourceVersionDate "2022.10.05"]
[SourceQuality "1"]

1. e4 d6 2. d4 Nf6 3. Nc3 g6 4. Nf3 Bg7 5. d5 0-0 6. Bd3 Nbd7 7. 0-0 Nc5 8. Bg5 Nxd3 9. Qxd3 Nd7 10. Rab1 Nc5 11. Qe3 Bg4 12. Nd4 Re8 13. Nb3 Nxb3 14. axb3 Bd7 15. Qf3 c6 16. Bd2 cxd5 17. Nxd5 e6 18. Nb4 a5 19. Nd3 Rc8 20. Rfc1 Bc6 21. Re1 f5 22. Qd1 Bxe4 23. Bc3 Bxc3 24. bxc3 Rxc3 25. Rc1 Qg5 26. Rxe4 fxe4 27. Ne1 d5 28. g3 Rd8 29. h4 Qf5 30. Ng2 d4 31. Nf4 e5 32. Ne2 Rf3 33. Qf1 Rf8 34. Nxd4 exd4 35. Qc4+ Rf7 36. Rf1 d3 37. cxd3 exd3 38. Qd4 Rd7 39. Qc4+ Qd5 40. Qc8+ Rd8 41. Qc4 b5 42. Qc3 d2 43. Rd1 Rxc3 44. b4 Rc1 45. Rxc1 dxc1Q+ 46. Kh2 Qch1# 0-1

[Event "Amager Spring C"]
[Site "Amager"]
[Date "2015.04.28"]
[Round "1"]
[White "Mathiesen, Bjarne"]
[Black "Svensson, John Michael"]
[Result "0-1"]
[WhiteElo "1454"]
[BlackElo "1479"]
[PlyCount "132"]
[EventDate "2015.04.28"]
[EventType "tourn"]
[EventRounds "5"]
[EventCountry "DEN"]
[SourceTitle "EXT 2023"]
[Source "ChessBase"]
[SourceDate "2022.10.05"]
[SourceVersion "1"]
[SourceVersionDate "2022.10.05"]
[SourceQuality "1"]

1. e4 Nc6 2. Nf3 d6 3. Bc4 e5 4. c3 Nf6 5. d3 h6 6. b4 Be7 7. Be3 0-0 8. h3 a6 9. Nh4 Nh7 10. Ng6 Re8 11. Qf3 Bf6 12. g3 Be6 13. Bxe6 Rxe6 14. Nh4 Bxh4 15. gxh4 Qxh4 16. Rg1 Rf6 17. Qg4 Qxg4 18. Rxg4 Ne7 19. Nd2 Rg6 20. Rxg6 Nxg6 21. 0-0-0 Nf6 22. Rg1 Kh7 23. Kc2 Nh5 24. a4 Rf8 25. d4 f5 26. dxe5 Nxe5 27. Bd4 Nf4 28. Kd1 Nxh3 29. Rg2 Nf4 30. Rg3 Nh5 31. Rg2 f4 32. Bxe5 dxe5 33. Nf3 Re8 34. Kc2 g5 35. Rh2 Kg6 36. Rg2 Kh7 37. Rg1 Nf6 38. Nd2 g4 39. Kd3 b5 40. axb5 axb5 41. Ra1 Rd8+ 42. Ke2 Kg6 43. Ra7 Rd7 44. Rb7 c6 45. Rb6 Rc7 46. c4 Nd7 47. Ra6 Kg5 48. c5 h5 49. Ra8 Nf6 50. Rd8 h4 51. Kf1 Rd7 52. Rxd7 Nxd7 53. f3 g3 54. Kg2 Nf8 55. Nb3 Ne6 56. Na5 Nd4 57. Nb7 Nc2 58. Nd6 Ne1+ 59. Kh3 g2 60. Nf7+ Kf6 61. Kh2 Kxf7 62. Kg1 h3 63. Kf2 Nxf3 64. Kxf3 g1Q 65. Ke2 Qe3+ 66. Kf1 Qxe4 0-1

[Event "Amager Aabne CC-ch D"]
[Site "Amager"]
[Date "2015.04.07"]
[Round "7"]
[White "Svensson, John Michael"]
[Black "Nielsen, Bjorn1111"]
[Result "1-0"]
[WhiteElo "1314"]
[BlackElo "1055"]
[PlyCount "97"]
[EventDate "2015.01.20"]
[EventType "tourn"]
[EventRounds "7"]
[EventCountry "DEN"]
[SourceTitle "EXT 2023"]
[Source "ChessBase"]
[SourceDate "2022.10.05"]
[SourceVersion "1"]
[SourceVersionDate "2022.10.05"]
[SourceQuality "1"]

1. d4 d5 2. c4 e6 3. Nc3 Bb4 4. Qa4+ Bd7 5. Qxb4 Bc6 6. cxd5 exd5 7. Nf3 Qe7 8. Qb3 Nf6 9. Bg5 Nbd7 10. e3 Qe6 11. Be2 0-0 12. 0-0 a6 13. Rac1 Rfe8 14. h3 Ne4 15. Nxe4 Qxe4 16. Bd3 Qe6 17. Qc2 h6 18. Bf5 Qd6 19. Bf4 Qf8 20. Qd2 Nf6 21. Ne5 Rxe5 22. Bxe5 Ne4 23. Qd1 Qe7 24. Qg4 Nf6 25. Qg3 Nh5 26. Qf3 Nf6 27. Bd3 Ne4 28. Qh5 Nf6 29. Qf5 Bd7 30. Qf3 c6 31. Rfe1 Re8 32. e4 Nxe4 33. Bxe4 dxe4 34. Qg3 f5 35. f3 Qf7 36. fxe4 Kh7 37. exf5 Rg8 38. b3 Qxf5 39. Rf1 Qh5 40. Rf8 Qg5 41. Qd3+ Kh8 42. Rcf1 Be6 43. R8f3 Bd5 44. Rg3 Qe7 45. Qe3 Kh7 46. Qd3+ Kh8 47. Qg6 Qh4 48. Rg4 Qe7 49. Qxh6# 1-0

[Event "Amager Aabne CC-ch D"]
[Site "Amager"]
[Date "2015.02.03"]
[Round "2"]
[White "Madsen, Michael Leerberg"]
[Black "Svensson, John Michael"]
[Result "1-0"]
[WhiteElo "1282"]
[BlackElo "1314"]
[PlyCount "77"]
[EventDate "2015.01.20"]
[EventType "tourn"]
[EventRounds "7"]
[EventCountry "DEN"]
[SourceTitle "EXT 2023"]
[Source "ChessBase"]
[SourceDate "2022.10.05"]
[SourceVersion "1"]
[SourceVersionDate "2022.10.05"]
[SourceQuality "1"]

1. e4 d6 2. d4 Nf6 3. Nc3 g6 4. Nf3 Bg7 5. Bg5 c6 6. Qd2 h6 7. Be3 b5 8. Bd3 Nbd7 9. h3 Nb6 10. b3 a5 11. 0-0 b4 12. Ne2 Bd7 13. a3 d5 14. e5 Ne4 15. Qe1 bxa3 16. Rxa3 Nc8 17. Nd2 Ng5 18. f4 Nh7 19. f5 g5 20. Ng3 e6 21. f6 Bf8 22. Ra2 Qb6 23. Nh5 c5 24. Ng7+ Kd8 25. Qf2 cxd4 26. Bxd4 Qc7 27. c4 dxc4 28. Nxc4 Bc6 29. Rd2 Bb4 30. Rdd1 Nf8 31. Be4 Nd7 32. Bxc6 Qxc6 33. Nb6 Ncxb6 34. Bxb6+ Kc8 35. Rc1 Bc3 36. Bd4 Qd5 37. Bxc3 Kb7 38. Rfd1 Qb5 39. Qf3+ 1-0

[Event "Amager-ch C"]
[Site "Amager"]
[Date "2014.09.09"]
[Round "4"]
[White "Furberg, Jacob Kjaerulf"]
[Black "Svensson, John Michael"]
[Result "1-0"]
[WhiteElo "1313"]
[BlackElo "1285"]
[PlyCount "49"]
[EventDate "2014.08.19"]
[EventType "tourn"]
[EventRounds "7"]
[EventCountry "DEN"]
[SourceTitle "EXT 2023"]
[Source "ChessBase"]
[SourceDate "2022.10.05"]
[SourceVersion "1"]
[SourceVersionDate "2022.10.05"]
[SourceQuality "1"]

1. e4 c5 2. Nf3 d6 3. Bc4 e6 4. Nc3 a6 5. a4 Be7 6. d4 cxd4 7. Nxd4 Nc6 8. f4 Qb6 9. Nce2 Qb4+ 10. Nc3 Qxc4 11. Nb3 Nf6 12. a5 Na7 13. e5 dxe5 14. fxe5 Nd7 15. Ra4 Bb4 16. Bd2 Nc5 17. Nxc5 Qxc5 18. Ne4 Bxd2+ 19. Qxd2 Qxe5 20. 0-0 Bd7 21. Nd6+ Kd8 22. Nxf7+ Ke8 23. Nxe5 Bxa4 24. Qf4 Bxc2 25. Qf7+ 1-0

[Event "Amager Spring B"]
[Site "Amager"]
[Date "2014.05.06"]
[Round "2"]
[White "Svensson, John Michael"]
[Black "Tronning, Mark Philip"]
[Result "0-1"]
[WhiteElo "1424"]
[BlackElo "1341"]
[PlyCount "64"]
[EventDate "2014.04.29"]
[EventType "tourn"]
[EventRounds "5"]
[EventCountry "DEN"]
[SourceTitle "EXT 2023"]
[Source "ChessBase"]
[SourceDate "2022.10.05"]
[SourceVersion "1"]
[SourceVersionDate "2022.10.05"]
[SourceQuality "1"]

1. Nf3 Nf6 2. c4 c5 3. Nc3 Nc6 4. g3 e6 5. Bg2 Be7 6. d3 d6 7. 0-0 0-0 8. a3 Bd7 9. Bd2 Rc8 10. Na2 d5 11. b4 dxc4 12. dxc4 b6 13. Qc2 Nd4 14. Nxd4 cxd4 15. Rac1 Bc6 16. Bh3 Ne4 17. Bf4 Bg5 18. Bxg5 Nxg5 19. Bg2 Bxg2 20. Kxg2 f5 21. Rfd1 Qf6 22. h4 Ne4 23. f3 Nd6 24. Qb3 Kh8 25. e3 e5 26. exd4 exd4 27. Rc2 f4 28. Qd3 Nf5 29. Kh3 Ne3 30. g4 Nxc2 31. Qxc2 Rfe8 32. g5 Qe6+ 0-1

[Event "Amager-ch A"]
[Site "Amager"]
[Date "2013.11.05"]
[Round "8"]
[White "Brorsen, Jacob Abildlund"]
[Black "Svensson, John Michael"]
[Result "1-0"]
[WhiteElo "2125"]
[BlackElo "1614"]
[PlyCount "63"]
[EventDate "2013.08.20"]
[EventType "tourn"]
[EventRounds "9"]
[EventCountry "DEN"]
[SourceTitle "EXT 2023"]
[Source "ChessBase"]
[SourceDate "2022.10.05"]
[SourceVersion "1"]
[SourceVersionDate "2022.10.05"]
[SourceQuality "1"]

1. e4 g6 2. Nc3 Bg7 3. h4 h6 4. d4 e5 5. dxe5 Bxe5 6. Bc4 Bxc3+ 7. bxc3 Nc6 8. Nf3 Qe7 9. 0-0 b6 10. Bf4 Na5 11. Bd5 c6 12. Bd6 Qd8 13. Re1 Nb7 14. Ba3 c5 15. h5 g5 16. c4 Ne7 17. Bb2 0-0 18. Qd2 Nxd5 19. cxd5 d6 20. e5 Bg4 21. e6 fxe6 22. dxe6 Qe7 23. Qc3 Kh7 24. Qd3+ Bf5 25. Qc4 Rae8 26. g4 d5 27. Qxd5 Bxg4 28. Rad1 Bxe6 29. Rxe6 Qxe6 30. Qxe6 Rxe6 31. Rd7+ Kg8 32. Rg7+ 1-0

[Event "Amager-ch A"]
[Site "Amager"]
[Date "2013.10.22"]
[Round "7"]
[White "Svensson, John Michael"]
[Black "Nielsen, Jorgen Kamp"]
[Result "1/2-1/2"]
[WhiteElo "1614"]
[BlackElo "1595"]
[PlyCount "71"]
[EventDate "2013.08.20"]
[EventType "tourn"]
[EventRounds "9"]
[EventCountry "DEN"]
[SourceTitle "EXT 2023"]
[Source "ChessBase"]
[SourceDate "2022.10.05"]
[SourceVersion "1"]
[SourceVersionDate "2022.10.05"]
[SourceQuality "1"]

1. d4 Nf6 2. Nf3 g6 3. c3 Bg7 4. g3 b6 5. Bg2 Bb7 6. 0-0 0-0 7. Re1 d6 8. Nbd2 Ne4 9. Ng5 d5 10. Ngxe4 dxe4 11. Nxe4 Qc8 12. Bf4 Rd8 13. Qc2 Na6 14. Rad1 c5 15. dxc5 Rxd1 16. Rxd1 Nxc5 17. Nxc5 Bxg2 18. Kxg2 Qxc5 19. Be3 Qc4 20. a3 Rc8 21. Qd3 Qc6+ 22. Qd5 Qa8 23. Qxa8 Rxa8 24. Rd7 e6 25. Bd4 Bh6 26. e3 Kf8 27. Bf6 Ke8 28. Rd3 Bf8 29. b4 b5 30. Kf3 Be7 31. Bxe7 Kxe7 32. Ke2 Rc8 33. Kd2 Rc4 34. Rd4 Rc6 35. Kd3 Ra6 36. Ke2 1/2-1/2

[Event "Amager-ch A"]
[Site "Amager"]
[Date "2013.08.27"]
[Round "2"]
[White "Svensson, John Michael"]
[Black "Petersen, Tobias Christian"]
[Result "1-0"]
[WhiteElo "1614"]
[BlackElo "1722"]
[PlyCount "110"]
[EventDate "2013.08.20"]
[EventType "tourn"]
[EventRounds "9"]
[EventCountry "DEN"]
[SourceTitle "EXT 2023"]
[Source "ChessBase"]
[SourceDate "2022.10.05"]
[SourceVersion "1"]
[SourceVersionDate "2022.10.05"]
[SourceQuality "1"]

1. d4 f5 2. Nf3 Nf6 3. Nc3 c6 4. g3 d6 5. Bg2 h6 6. Nh4 g5 7. Ng6 Rg8 8. Nxf8 Rxf8 9. e4 Be6 10. h4 Nbd7 11. hxg5 hxg5 12. Bxg5 fxe4 13. Nxe4 Qa5+ 14. Qd2 Qb6 15. c3 0-0-0 16. Nxf6 Nxf6 17. Qe2 Bd7 18. 0-0-0 Qa5 19. Bxf6 exf6 20. Kb1 Rde8 21. Qd2 Be6 22. d5 Bf5+ 23. Ka1 c5 24. Qf4 Bc2 25. Rde1 Bb3 26. a3 Qd8 27. Bh3+ Kc7 28. Be6 Re7 29. Rh6 Bxd5 30. Rxf6 Rxf6 31. Qxf6 Qe8 32. Bxd5 Rxe1+ 33. Ka2 Qe7 34. Qf3 b6 35. Ba8 Qe6+ 36. Bd5 Qg6 37. Kb3 Rc1 38. Qe2 Qg5 39. Qe6 Qg7 40. g4 Qh7 41. Qe2 Rg1 42. f4 Kd8 43. f5 Qg7 44. Bf3 Qg8+ 45. Kc2 Qe8 46. Qd2 Kc7 47. Qd5 Qd7 48. Qb7+ Kd8 49. Qa8+ Ke7 50. Qe4+ Kf8 51. f6 d5 52. Qg6 c4 53. b3 Rf1 54. Bxd5 cxb3+ 55. Kb2 Qxd5 1-0

[Event "Amager Aabne CC-ch"]
[Site "Amager"]
[Date "2012.02.14"]
[Round "4"]
[White "Svensson, John Michael"]
[Black "Ree, Morten"]
[Result "0-1"]
[WhiteElo "1468"]
[BlackElo "1736"]
[PlyCount "85"]
[EventDate "2012.01.10"]
[EventType "swiss"]
[EventRounds "7"]
[EventCountry "DEN"]
[SourceTitle "EXT 2023"]
[Source "ChessBase"]
[SourceDate "2022.10.05"]
[SourceVersion "1"]
[SourceVersionDate "2022.10.05"]
[SourceQuality "1"]

1. Nf3 d6 2. d4 g6 3. e3 Bg7 4. Nbd2 Nd7 5. Bc4 Ngf6 6. 0-0 0-0 7. e4 e5 8. c3 c6 9. Qc2 b5 10. Bd3 Bb7 11. Re1 Rc8 12. Qd1 Re8 13. Nf1 a6 14. Ng3 c5 15. d5 c4 16. Bc2 Nc5 17. h3 Qc7 18. Re2 a5 19. Be3 Ba6 20. Bxc5 Qxc5 21. a3 Bh6 22. Nf1 Rc7 23. Ne3 Bc8 24. Nh2 Bf4 25. Nhf1 Qa7 26. Qd2 Rc5 27. Ng3 Qe7 28. Qe1 h5 29. Qf1 Nh7 30. Nh1 Qg5 31. g3 h4 32. g4 Rc7 33. Ng2 f5 34. exf5 gxf5 35. Nxf4 Qxf4 36. f3 Rg7 37. Rg2 Ng5 38. Nf2 Nxf3+ 39. Kh1 fxg4 40. Bd1 Rf8 41. Bxf3 Qxf3 42. Kg1 g3 43. Qb1 0-1

[Event "Amager Aabne CC-ch"]
[Site "Amager"]
[Date "2012.02.07"]
[Round "3"]
[White "Svensson, John Michael"]
[Black "Nielsen, Bjorn1111"]
[Result "1-0"]
[WhiteElo "1468"]
[BlackElo "1080"]
[PlyCount "75"]
[EventDate "2012.01.10"]
[EventType "swiss"]
[EventRounds "7"]
[EventCountry "DEN"]
[SourceTitle "EXT 2023"]
[Source "ChessBase"]
[SourceDate "2022.10.05"]
[SourceVersion "1"]
[SourceVersionDate "2022.10.05"]
[SourceQuality "1"]

1. Nf3 Nc6 2. d4 d5 3. g3 g6 4. Bg2 Bg7 5. c3 e6 6. Bg5 Nge7 7. Nbd2 0-0 8. e4 dxe4 9. Nxe4 Qe8 10. 0-0 Bd7 11. Bh6 Bh8 12. Nc5 Na5 13. Ne5 Bc6 14. Bxf8 Bxe5 15. dxe5 Bxg2 16. Re1 Bh3 17. Bxe7 Qxe7 18. Ne4 Rd8 19. Qe2 b6 20. Rad1 Rc8 21. Qe3 c5 22. Nf6+ Kg7 23. g4 Bxg4 24. Nxg4 Qh4 25. Qf3 Qg5 26. Rd7 Rf8 27. Qf6+ Qxf6 28. exf6+ Kh8 29. Nh6 Nc6 30. Nxf7+ Kg8 31. Red1 Rxf7 32. R1d6 Ne5 33. Rd8+ Rf8 34. f4 Nf7 35. Rxf8+ Kxf8 36. Rd7 a5 37. Rb7 e5 38. Rb8+ 1-0

[Event "Amager-ch"]
[Site "Amager"]
[Date "2011.10.11"]
[Round "6"]
[White "Andersen, Henrik Hauge"]
[Black "Svensson, John Michael"]
[Result "1-0"]
[WhiteElo "1799"]
[BlackElo "1409"]
[PlyCount "70"]
[EventDate "2011.08.30"]
[EventType "swiss"]
[EventRounds "7"]
[EventCountry "DEN"]
[SourceTitle "EXT 2023"]
[Source "ChessBase"]
[SourceDate "2022.10.05"]
[SourceVersion "1"]
[SourceVersionDate "2022.10.05"]
[SourceQuality "1"]

1. e4 c5 2. Nf3 Nc6 3. d4 cxd4 4. Nxd4 e5 5. Nb5 d6 6. N1c3 a6 7. Na3 b5 8. Nd5 h6 9. c4 Nf6 10. cxb5 Nd4 11. Nxf6+ gxf6 12. bxa6 Bxa6 13. Bxa6 Qa5+ 14. Bd2 Qxa6 15. Bc3 Ne6 16. Qe2 Nc5 17. Qxa6 Rxa6 18. f3 Na4 19. Kd2 Nxc3 20. Kxc3 Be7 21. Nb5 Kd7 22. b3 Rc8+ 23. Kb2 Rc5 24. a4 Rac6 25. Rhc1 Rxc1 26. Rxc1 Rxc1 27. Kxc1 Kc6 28. Kc2 Bd8 29. Kc3 d5 30. exd5+ Kxd5 31. b4 f5 32. a5 e4 33. a6 Kc6 34. Nd4+ Kb6 35. a7 Kxa7 1-0

[Event "Amager CC-ch"]
[Site "Amager"]
[Date "2011.03.22"]
[Round "6"]
[White "Raad, Mads Bonde"]
[Black "Svensson, John Michael"]
[Result "1-0"]
[WhiteElo "1000"]
[BlackElo "1492"]
[PlyCount "95"]
[EventDate "2011.01.25"]
[EventType "swiss"]
[EventRounds "7"]
[EventCountry "DEN"]
[SourceTitle "EXT 2023"]
[Source "ChessBase"]
[SourceDate "2022.10.05"]
[SourceVersion "1"]
[SourceVersionDate "2022.10.05"]
[SourceQuality "1"]

1. d4 Nf6 2. Bg5 e6 3. Nf3 h6 4. Bf4 d6 5. Nc3 b6 6. e4 Bb7 7. d5 e5 8. Be3 Be7 9. Bb5+ Nbd7 10. Nd2 Ng4 11. Qxg4 a6 12. Bxd7+ Qxd7 13. Qxd7+ Kxd7 14. 0-0-0 b5 15. Rhf1 c5 16. dxc6+ Bxc6 17. Nd5 Bxd5 18. exd5 f5 19. f4 e4 20. Bd4 Rhg8 21. h3 g6 22. Rg1 g5 23. Rdf1 Rgf8 24. Bg7 gxf4 25. Bxf8 Bg5 26. Bxh6 Bxh6 27. Kd1 Re8 28. Ke2 Re5 29. c4 e3 30. Nf3 Re4 31. g3 Rxc4 32. gxf4 Bxf4 33. Kd3 Rc5 34. Nd4 Be5 35. Kxe3 f4+ 36. Ke4 Rc4 37. Rd1 Ke7 38. b3 Rc3 39. Nc6+ Kf6 40. Nxe5 dxe5 41. Rd3 Rc2 42. d6 Re2+ 43. Kf3 e4+ 44. Kxe2 f3+ 45. Rxf3+ exf3+ 46. Kxf3 Ke6 47. Rd1 Kd7 48. h4 1-0

[Event "Amager CC-ch"]
[Site "Amager"]
[Date "2011.01.25"]
[Round "1"]
[White "Svensson, John Michael"]
[Black "Dupont, Michael Kim"]
[Result "0-1"]
[WhiteElo "1492"]
[BlackElo "1159"]
[PlyCount "84"]
[EventDate "2011.01.25"]
[EventType "swiss"]
[EventRounds "7"]
[EventCountry "DEN"]
[SourceTitle "EXT 2023"]
[Source "ChessBase"]
[SourceDate "2022.10.05"]
[SourceVersion "1"]
[SourceVersionDate "2022.10.05"]
[SourceQuality "1"]

1. Nc3 Nc6 2. Nf3 Nf6 3. e4 d6 4. d4 Bg4 5. Be2 Bxf3 6. Bxf3 e5 7. dxe5 Nxe5 8. Bg5 h6 9. Bh4 Be7 10. Bg3 Nxf3+ 11. Qxf3 Qd7 12. 0-0-0 Qc6 13. Qe2 0-0-0 14. Nb5 Qa6 15. Qc4 Rd7 16. f3 Kb8 17. Qb3 Rhd8 18. Rd4 Qb6 19. Qa4 a6 20. Nc3 d5 21. e5 Bc5 22. Rd3 Nh5 23. Nd1 Nxg3 24. hxg3 Qg6 25. f4 Re7 26. Rb3 Re6 27. Qa5 Rc6 28. Rf1 Bb4 29. f5 Qg5+ 30. Ne3 Bxa5 31. Rd3 d4 32. Rf4 Qxg3 33. Rf3 Qxe5 34. Nd1 Qd5 35. Kb1 Re8 36. a3 Re2 37. Ne3 Re1+ 38. Nd1 Qc4 39. Rf2 Qa4 40. Kc1 Qb5 41. Rxd4 Re2 42. Rd8+ Ka7 0-1

[Event "Amager-ch"]
[Site "Amager"]
[Date "2010.10.19"]
[Round "7"]
[White "Andreasen, Rene"]
[Black "Svensson, John Michael"]
[Result "1-0"]
[WhiteElo "1798"]
[BlackElo "1440"]
[PlyCount "59"]
[EventDate "2010.08.24"]
[EventType "swiss"]
[EventRounds "7"]
[EventCountry "DEN"]
[SourceTitle "EXT 2023"]
[Source "ChessBase"]
[SourceDate "2022.10.05"]
[SourceVersion "1"]
[SourceVersionDate "2022.10.05"]
[SourceQuality "1"]

1. d4 Nf6 2. Nf3 c5 3. e3 e6 4. Bd3 Nc6 5. Nbd2 cxd4 6. exd4 Be7 7. c3 b6 8. 0-0 h6 9. Qe2 Nd5 10. Ne4 Qc7 11. Bb1 Nf4 12. Qc2 Ba6 13. Rd1 Rc8 14. Bxf4 Qxf4 15. a3 d5 16. Ng3 g6 17. Qa4 Bb7 18. Ne5 0-0 19. Nxc6 Rxc6 20. Qxa7 Qc7 21. Qa4 Ra8 22. Qb3 Rd8 23. Bd3 e5 24. dxe5 Qxe5 25. Re1 Qf6 26. Re2 Kg7 27. Bb5 Re6 28. Rd1 Bc5 29. Qc2 Rxe2 30. Qxe2 1-0

[Event "Amager CC-ch"]
[Site "Amager"]
[Date "2010.03.23"]
[Round "6"]
[White "Hansen, Benny"]
[Black "Svensson, John Michael"]
[Result "1/2-1/2"]
[WhiteElo "1290"]
[BlackElo "1510"]
[PlyCount "111"]
[EventDate "2010.01.19"]
[EventType "swiss"]
[EventRounds "7"]
[EventCountry "DEN"]
[SourceTitle "EXT 2023"]
[Source "ChessBase"]
[SourceDate "2022.10.05"]
[SourceVersion "1"]
[SourceVersionDate "2022.10.05"]
[SourceQuality "1"]

1. e4 d5 2. exd5 Qxd5 3. Nc3 Qa5 4. Bc4 Nf6 5. d3 Bg4 6. f3 Bd7 7. Be3 e6 8. a3 Bd6 9. Nge2 Qh5 10. Nf4 Qg5 11. Qd2 Qa5 12. 0-0 c6 13. Rfe1 Qc7 14. Ne4 Be7 15. Nxf6+ Bxf6 16. Nh5 Qe5 17. Nxf6+ Qxf6 18. Qb4 b5 19. Ba2 a5 20. Qd6 Qe7 21. Qe5 Na6 22. Re2 0-0-0 23. c4 f6 24. Qe4 b4 25. Bb6 Rde8 26. axb4 Qxb4 27. Qd4 e5 28. Qe3 c5 29. Ba7 Kb7 30. Bxc5 Nxc5 31. Rc2 Bf5 32. Rc3 Rd8 33. Bb1 Rd4 34. Rca3 Ra8 35. h3 Kb6 36. Bc2 Bd7 37. f4 Rxf4 38. Bd1 Rd4 39. Bf3 Ra7 40. Rc3 Bf5 41. Raa3 Rad7 42. Bd1 Bxd3 43. Rcb3 Qxb3 44. Bxb3 Re4 45. Qd2 Nb7 46. Qf2+ Rdd4 47. Bc2 Rf4 48. Qd2 Bxc4 49. Bd3 g5 50. Qe3 Bd5 51. Ra4 Nc5 52. Rxd4 Rxd4 53. Bc2 h5 54. Qf2 Rf4 55. Qd2 g4 56. Qxd5 1/2-1/2

[Event "Amager-ch"]
[Site "Amager"]
[Date "2009.10.27"]
[Round "7"]
[White "Svensson, John Michael"]
[Black "Justesen, Martin"]
[Result "0-1"]
[WhiteElo "1514"]
[BlackElo "1557"]
[PlyCount "58"]
[EventDate "2009.09.01"]
[EventType "swiss"]
[EventRounds "7"]
[EventCountry "DEN"]
[SourceTitle "EXT 2023"]
[Source "ChessBase"]
[SourceDate "2022.10.05"]
[SourceVersion "1"]
[SourceVersionDate "2022.10.05"]
[SourceQuality "1"]

1. Nc3 Nf6 2. e4 e5 3. Nf3 Nc6 4. Bc4 Bb4 5. a3 Ba5 6. 0-0 0-0 7. Na4 d6 8. Nc3 Bxc3 9. bxc3 Nxe4 10. Qe2 Nf6 11. Bb2 d5 12. Bb3 e4 13. Nd4 Nxd4 14. cxd4 b6 15. f3 Re8 16. Qf2 Ba6 17. Rfe1 Qd7 18. Re3 Re7 19. Qh4 Rae8 20. Kh1 exf3 21. Rxf3 Re4 22. Qg3 Nh5 23. Qg5 Re1+ 24. Rf1 Rxf1+ 25. Rxf1 Bxf1 26. Kg1 Be2 27. Bxd5 Nf6 28. Bb3 Ba6 29. d5 Re1+ 0-1

[Event "Amager Spring"]
[Site "Amager"]
[Date "2009.05.19"]
[Round "3"]
[White "Svensson, John Michael"]
[Black "Henriksen, Carsten W"]
[Result "0-1"]
[WhiteElo "1521"]
[BlackElo "1822"]
[PlyCount "70"]
[EventDate "2009.05.05"]
[EventType "swiss"]
[EventRounds "5"]
[EventCountry "DEN"]
[SourceTitle "EXT 2023"]
[Source "ChessBase"]
[SourceDate "2022.10.05"]
[SourceVersion "1"]
[SourceVersionDate "2022.10.05"]
[SourceQuality "1"]

1. d4 d5 2. Nf3 e6 3. e3 Nf6 4. c4 Nbd7 5. cxd5 exd5 6. Nc3 Bb4 7. Qb3 Bxc3+ 8. bxc3 0-0 9. Be2 Nb6 10. Ne5 Ne4 11. 0-0 f6 12. Nf3 Be6 13. Nd2 Nxd2 14. Bxd2 f5 15. f4 Rb8 16. Rf3 Nc4 17. Be1 Qe7 18. Bxc4 dxc4 19. Qb2 Bd5 20. Rh3 b5 21. a3 Rb6 22. Qb4 Qe4 23. Qb2 Rff6 24. Qf2 Rg6 25. Rg3 Rxg3 26. hxg3 Re6 27. Bd2 Qc2 28. Qe1 Rg6 29. Kf2 Ra6 30. Qc1 Qe4 31. Qf1 Rh6 32. Qg1 Qd3 33. Ra2 a5 34. Qf1 Qxf1+ 35. Kxf1 Rh1+ 0-1

[Event "Amager CC-ch"]
[Site "Amager"]
[Date "2009.03.31"]
[Round "8"]
[White "Svensson, John Michael"]
[Black "Varming, Thomas"]
[Result "1/2-1/2"]
[WhiteElo "1518"]
[BlackElo "1820"]
[PlyCount "47"]
[EventDate "2009.01.20"]
[EventType "swiss"]
[EventRounds "9"]
[EventCountry "DEN"]
[SourceTitle "EXT 2023"]
[Source "ChessBase"]
[SourceDate "2022.10.05"]
[SourceVersion "1"]
[SourceVersionDate "2022.10.05"]
[SourceQuality "1"]

1. d4 c6 2. Nf3 d5 3. e3 Nf6 4. Be2 Bf5 5. Nc3 e6 6. 0-0 Bd6 7. Ne5 Nbd7 8. f4 h5 9. Bd2 Ng4 10. h3 Nh6 11. Be1 g5 12. Bxh5 Nxe5 13. fxe5 Be7 14. g4 Bh7 15. Ne2 Rf8 16. Ng3 Qb6 17. b3 0-0-0 18. Qe2 f6 19. exf6 Bxf6 20. c3 Be7 21. Bf2 Bd6 22. e4 Bxg3 23. Bxg3 Bxe4 24. Bg6 1/2-1/2

[Event "Amager CC-ch"]
[Site "Amager"]
[Date "2009.03.24"]
[Round "7"]
[White "Svensson, John Michael"]
[Black "Jacobsen, Mads Holger"]
[Result "0-1"]
[WhiteElo "1518"]
[BlackElo "1791"]
[PlyCount "52"]
[EventDate "2009.01.20"]
[EventType "swiss"]
[EventRounds "9"]
[EventCountry "DEN"]
[SourceTitle "EXT 2023"]
[Source "ChessBase"]
[SourceDate "2022.10.05"]
[SourceVersion "1"]
[SourceVersionDate "2022.10.05"]
[SourceQuality "1"]

1. d4 d5 2. Nf3 c6 3. Nc3 Nf6 4. Bd2 Bg4 5. e3 Nbd7 6. Be2 e6 7. a3 Bd6 8. h3 Bh5 9. b4 0-0 10. 0-0 Qe7 11. Bc1 Rfe8 12. b5 c5 13. Na4 Rac8 14. c3 Ne4 15. Bb2 c4 16. Nd2 Bxe2 17. Qxe2 Ndf6 18. Nf3 Qd7 19. Qc2 Qxb5 20. Nd2 Nxd2 21. Qxd2 Qxa4 22. f3 Qd7 23. Qf2 e5 24. Rfc1 exd4 25. cxd4 Qe6 26. Rc3 b5 0-1